000 02558nab a2200301 i 4500
003 BR-BrBNA
005 20250814105157.0
008 250814b2020 bl.ar|pooa||| 00| 0 por |
040 _aBR-BrBNA
_bpor
072 _aF30
072 _aF02
100 _aVargas, Daiane Peixoto
100 _aFerreira, Letícia Vanni
100 _aTaniguchi, Marisa
100 _aCoradin, Juliana Hey
100 _aDutra, Leonardo Ferreira
245 _aCriopreservação de uma espécie de butiá ameaçada de extinção
500 _aPublicação on-line; 23 ref.; 1 table; Summaries (En, Pt)
520 _a Resumo Butia yatay é uma palmeira nativa do Rio Grande do Sul que encontra-se em risco de extinção. Sua propagação é realizada por via sexuada, porém a germinação por sementes é baixa, lenta e desuniforme. Objetivou-se estabelecer um protocolo de criopreservação visando a conservação da espécie. Foram testadas concentrações de sacarose em pré-tratamento de embriões antes do congelamento. Embriões de Butia yatay podem ser criopreservados, com subseqüente retomada do crescimento, quando submetidos ao prévio tratamento com sacarose a 0,4 M. Neste estudo, os embriões foram congelados por 10 dias, indicando que o pré-tratamento possibilita a conservação de Butia yatay por longo tempo. Palavras-chave: Butia sp., congelamento, conservação, sacarose. Abstract Butia yatay is a palm tree native of Rio Grande do Sul that is in danger of extinction. Its propagation is carried out sexually, however, the seed germination is low, slow and uneven. Thus, a cryopreservation protocol was established aiming at the conservation of the species. Concentrations of sucrose were tested on embryo pretreatment before freezing. Butia yatay embryos can be cryopreserved, with subsequent growth recovery, when they are submitted to previous treatment with 0.4 M sucrose. In this study, the embryos were frozen for 10 days, indicating that pretreatment allows the conservation of Butia yatay for a long time. Key words: Butia sp., freezing, conservation, sucrose.
650 _aBUTIÁ
650 _aCONGELAMENTO
650 _aCONSERVAÇÃO
650 _aSACAROSE
773 0 _0709
_9353216
_dRio de Janeiro-RJ Jardim Botanico do Rio de Janeiro 1935
_o2025-4473
_tRodriguésia (Brazil)
_x0370-6583; 2175-7860 on-line
_gv. 71 p. 1-4; (2020)
_wBR2025003350
856 _uhttps://www.scielo.br/j/rod/a/3jmbbHd8tqCz8bTFPMXHQ4J/?format=pdf&lang=pt
942 _cANA
999 _c337623
_d337623